Statistics for Orlando Magic 20 Points Per Game Players

Click here to take the quiz!

General Stats

  • This quiz has been taken 74 times
    (7 since last reset)
  • The average score is 5 of 7

Answer Stats

#PlayersLast% Correct
3Penny Hardaway1997
100%
4Shaquille O'Neal1996
100%
4Dwight Howard2012
86%
1Paolo Banchero2024
86%
4Tracy McGrady2004
86%
2Nikola Vučević2021
43%
1Steve Francis2005
14%

Score Distribution

Percentile by Number Answered

Percent of People with Each Score

Your Score History

You have not taken this quiz since the last reset